000 00713nam a2200241Ia 4500
003 OSt
005 20220925215408.0
006 a|||||r|||| 00| 0
007 ta
008 220923b |||||||| |||| 00| 0 eng d
037 _cGeneral Book
040 _aRTL
_cRTL
_beng
041 _2eng
_aeng
082 _aX91:517.3.N7, L1
100 _aMoos S
_9282745
245 0 _aAspects of monopoly and restriotive practices legi
260 _aLondon
_bHMSO
_c1971
300 _a31p
_ccm.
490 _aGreat Britain Inquiry on Small Firms (Committee on) Research report. 13
650 _aIndustrial Economics
942 _hX91:517.3.N7, L1
_cGB
_2CC
999 _c568689
_d568689